000 00827nam a2200253Ia 4500
003 OSt
005 20221005050053.0
006 a|||||r|||| 00| 0
007 ta
008 221004b |||||||| |||| 00| 0 eng d
020 _a8172361440 (hbk)
_c450
024 _a90040
037 _bG-3033/07-08, 27/02/2008, Manohar Publisher & Distributors
_cTextual
040 _aCRL
_cCRL
_beng
041 _2eng
_aeng
082 _aV275.J, P3
100 _aBlochmann H.
_9245443
245 0 _aContributions to the geography and history of Bengal
_b Muhammedan period
260 _aKolkata
_bThe Asiatic Society India
_c2003
300 _avii,170p.
_ccm.
650 _aHISTORY
942 _hV275.J, P3
_cTEXL
_2cc
999 _c956261
_d956261